On the validity of idiographic and generic self‐concept implicit association tests: a core‐concept model

Saved in:
Bibliographic Details
Main Authors: Blümke, Matthias (Author) , Friese, Malte (Author)
Format: Article (Journal)
Language:English
Published: 2012
In: European journal of personality
Year: 2012, Volume: 26, Issue: 5, Pages: 515-528
ISSN:0890-2070
Online Access: Get full text
Author Notes:Matthias Bluemke; Malte Friese

MARC

LEADER 00000caa a22000002c 4500
001 1451732813
003 DE-627
005 20240705203425.0
007 tu
008 130430s2012 xx ||||| 00| ||eng c
035 |a (DE-627)1451732813 
035 |a (DE-576)381732819 
035 |a (DE-599)BSZ381732819 
035 |a (OCoLC)1340459741 
040 |a DE-627  |b ger  |c DE-627  |e rakwb 
041 |a eng 
084 |a 11  |2 sdnb 
100 1 |a Blümke, Matthias  |0 (DE-588)1025073924  |0 (DE-627)720939739  |0 (DE-576)187503850  |4 aut 
245 1 0 |a On the validity of idiographic and generic self‐concept implicit association tests  |b a core‐concept model  |c Matthias Bluemke; Malte Friese 
264 1 |c 2012 
300 |a 14 
336 |a Text  |b txt  |2 rdacontent 
337 |a ohne Hilfsmittel zu benutzen  |b n  |2 rdamedia 
338 |a Band  |b nc  |2 rdacarrier 
700 1 |a Friese, Malte  |0 (DE-588)1164100696  |0 (DE-627)1028486707  |0 (DE-576)508376238  |4 aut 
773 0 8 |i In  |t European journal of personality  |d Chichester [u.a.] : Wiley, 1987  |g 26(2012), 5, Seite 515-528  |w (DE-627)168037513  |w (DE-600)624551-1  |w (DE-576)015916030  |x 0890-2070  |7 nnas  |a On the validity of idiographic and generic self‐concept implicit association tests a core‐concept model 
773 1 8 |g volume:26  |g year:2012  |g number:5  |g pages:515-528  |g extent:14  |a On the validity of idiographic and generic self‐concept implicit association tests a core‐concept model 
776 0 8 |i Erscheint auch als  |n Online-Ausgabe  |a Blümke, Matthias  |t On the validity of idiographic and generic self‐concept implicit association tests  |d 2012  |w (DE-627)1581722982  |w (DE-576)511722982 
951 |a AR 
992 |a 20130430 
993 |a Article 
998 |g 1025073924  |a Blümke, Matthias  |m 1025073924:Blümke, Matthias  |d 100000  |d 100200  |e 100000PB1025073924  |e 100200PB1025073924  |k 0/100000/  |k 1/100000/100200/  |p 1  |x j 
999 |a KXP-PPN1451732813  |e 274517441X 
BIB |a Y 
SER |a journal 
JSO |a {"person":[{"given":"Matthias","display":"Blümke, Matthias","role":"aut","family":"Blümke"},{"family":"Friese","given":"Malte","display":"Friese, Malte","role":"aut"}],"name":{"displayForm":["Matthias Bluemke; Malte Friese"]},"id":{"eki":["1451732813"]},"physDesc":[{"extent":"14 S."}],"title":[{"title_sort":"On the validity of idiographic and generic self‐concept implicit association tests","subtitle":"a core‐concept model","title":"On the validity of idiographic and generic self‐concept implicit association tests"}],"origin":[{"dateIssuedKey":"2012","dateIssuedDisp":"2012"}],"relHost":[{"recId":"168037513","part":{"text":"26(2012), 5, Seite 515-528","extent":"14","volume":"26","year":"2012","pages":"515-528","issue":"5"},"origin":[{"publisher":"Wiley","publisherPlace":"Chichester [u.a.]","dateIssuedDisp":"1987-","dateIssuedKey":"1987"}],"note":["Einzelne H. als \"Special issue\" bez"],"type":{"bibl":"periodical"},"id":{"zdb":["624551-1"],"eki":["168037513"],"issn":["0890-2070"]},"name":{"displayForm":["publ. for the European Association of Personality Psychology"]},"pubHistory":["1.1987 -"],"disp":"On the validity of idiographic and generic self‐concept implicit association tests a core‐concept modelEuropean journal of personality","title":[{"title":"European journal of personality","title_sort":"European journal of personality"}]}],"recId":"1451732813","type":{"bibl":"article-journal"},"language":["eng"]} 
SRT |a BLUEMKEMATONTHEVALID2012